Normal view
MARC view
Entry Personal Name
001 - CONTROL NUMBER
- control field: 41309
003 - CONTROL NUMBER IDENTIFIER
- control field: ARRUPE
005 - DATE AND TIME OF LATEST TRANSACTION
- control field: 20180406105623.0
008 - FIXED-LENGTH DATA ELEMENTS
- fixed length control field: 180406|| aca||aabn | a|a d
040 ## - CATALOGING SOURCE
- Original cataloging agency: ARRUPE
- Transcribing agency: ARRUPE
100 ## - HEADING--PERSONAL NAME
- Personal name: Sharma, Robin S.
- Fuller form of name: (Robin Shilp),
- Dates associated with a name: 1964-
670 ## - SOURCE DATA FOUND
- Source citation: Work cat.: (ARRUPE)0: Sharma, Robin S. (Robin Shilp), 1964-, The greatness guide :, 2006.